Ślaski przeglad statystyczny

Uložené v:
Podrobná bibliografia
Médium: Seriál
Jazyk:Polish
Vydavateľské údaje: Wroclaw Uniwersytet Ekonomiczny we Wrocławiu 2014
Predmet:
Tagy: Pridať tag
Žiadne tagy, Buďte prvý, kto otaguje tento záznam!

MARC

LEADER 00000nas2a2200000 4500
001 0252221
005 20190319150542.5
022 |a 1644-6739 
041 0 |a pol 
044 |a PL 
245 1 0 |a Ślaski przeglad statystyczny 
264 1 |a Wroclaw  |b Uniwersytet Ekonomiczny we Wrocławiu  |c 2014 
773 0 |w eu_un_cat*0013655 
610 2 0 |a štatistika 
610 2 0 |a štatistika regionálna 
610 2 0 |a Poľsko